Animal spirits how human psychology drives the economy, and why it matters for global capitalism

Gespeichert in:
Bibliographische Detailangaben
1. Verfasser: Akerlof, George A.
Weitere Verfasser: Shiller, Robert J.
Format: Buch
Sprache:Englisch
Veröffentlicht: Princeton Princeton University Press 2010
Schlagworte:
Tags: Tag hinzufügen
Keine Tags, Fügen Sie das erste Tag hinzu!

MARC

LEADER 00000nam a2200000 4500
001 0178691
005 20230109114411.9
020 |a 978-0-691-14592-1 
041 0 |a eng 
044 |a US 
245 1 0 |a Animal spirits  |b how human psychology drives the economy, and why it matters for global capitalism  |c George A. Akerlof and Robert J. Shiller 
264 1 |a Princeton  |b Princeton University Press  |c 2010 
300 |a 230 s. 
610 2 0 |a korupcia 
610 2 0 |a peniaze 
610 2 0 |a kríza hospodárska 
610 2 0 |a kríza finančná 
610 2 0 |a dôsledky sociálne 
610 2 0 |a kapitalizmus 
610 2 0 |a globalizácia 
610 2 0 |a banky centrálne 
610 2 0 |a politika finančná 
610 2 0 |a psychológia ekonomická 
100 1 |a Akerlof, George A. 
700 1 |a Shiller, Robert J.